| 000 | 00628nam a2200169 i 4500 | ||
|---|---|---|---|
| 001 | bgj | ||
| 100 | 1 | _aPETERSON, Patricia Wilcox | |
| 245 | 1 | 0 |
_aDeveloping writing : _bwriting skills practice book for beginning/intermediate students of English as a foreign language / _cPatricia Wilcox Peterson. |
| 260 |
_aWashington, D.C. : _bUnited States Information Agency, _c1985. |
||
| 300 |
_aXII, 143 pp : _bdraw. ; _c26 cm. |
||
| 650 | 9 |
_aEnglish language _xWriting |beginning/|intermediate |
|
| 655 | _aTextbooks for foreign speakers | ||
| 040 | _cBPK | ||
| 041 | 0 | _aeng | |
| 942 | _cKS | ||
| 008 | s uk f |000 0 eng | ||
| 999 |
_c47727 _d47727 |
||
| 856 |
_uhttp://koha.tu.koszalin.pl/cgi-bin/koha/opac-detail.pl?biblionumber=47727 _yKatalog online BPK |
||